Nový informačný systém na zasielanie oznámení "IS eForms"

Úrad pre verejné obstarávanie nasadil do prevádzky nový systém na zasielanie oznámení eForms. V príspevku autorka informuje, aké zmeny prináša nový informačný systém do praxe verejného obstrávania.

Salvato in:
Dettagli Bibliografici
Autore principale: Scheberová, Magdaléna
Natura: Capitolo di libro
Lingua:slovacco
Soggetti:
Tags: Aggiungi Tag
Nessun Tag, puoi essere il primo ad aggiungerne!!

MARC

LEADER 00000naa a2200000 4500
001 0297600
005 20240417075257.2
041 0 |a slo 
044 |a SK 
245 1 0 |a Nový informačný systém na zasielanie oznámení "IS eForms"  |c Magdaléna Scheberová 
520 |a Úrad pre verejné obstarávanie nasadil do prevádzky nový systém na zasielanie oznámení eForms. V príspevku autorka informuje, aké zmeny prináša nový informačný systém do praxe verejného obstrávania. 
610 2 0 |a systémy informačné 
610 2 0 |a obstarávanie verejné 
610 2 0 |a zber dát 
610 2 0 |a formuláre 
610 2 0 |a služby elektronické 
100 1 |a Scheberová, Magdaléna